[Event "Vimercate op"]
[Site "Vimercate"]
[Date "2015.11.27"]
[Round "4"]
[White "Molina, Fabrizio"]
[Black "Tassini, Marco"]
[Result "1/2-1/2"]
[WhiteElo "2199"]
[BlackElo "1799"]
[PlyCount "97"]
[EventDate "2015.11.27"]
[EventType "swiss"]
[EventRounds "5"]
[EventCountry "ITA"]
[SourceTitle "EXT 2018"]
[Source "ChessBase"]
[SourceDate "2017.10.13"]
[SourceVersion "1"]
[SourceVersionDate "2017.10.13"]
[SourceQuality "1"]

1. Nf3 d5 2. c4 Nf6 3. cxd5 Nxd5 4. d4 g6 5. e4 Nb6 6. Be2 Bg7 7. h3 c6 8. 0-0 0-0 9. Be3 N8d7 10. Qc2 Nf6 11. Rd1 Be6 12. b3 Rc8 13. Nbd2 Ne8 14. Rac1 Nd6 15. a4 f5 16. Ng5 Bd7 17. Nc4 fxe4 18. Nxb6 axb6 19. Bc4+ Kh8 20. Ne6 Bxe6 21. Bxe6 Ra8 22. d5 c5 23. b4 cxb4 24. Bd4 Bf6 25. Qb3 b5 26. axb5 Ra5 27. Qxb4 Rxb5 28. Qc3 Kg7 29. g4 h6 30. h4 Kh7 31. g5 Bxd4 32. Rxd4 Qb6 33. gxh6 Rf3 34. Qc7 Qxd4 35. Qxe7+ Kxh6 36. Qg5+ Kg7 37. Rc7+ Nf7 38. Rxf7+ Rxf7 39. Bxf7 Kxf7 40. Qf4+ Qf6 41. Qxe4 Rb2 42. Qe3 Qxh4 43. Qe6+ Kg7 44. Qe5+ Qf6 45. Qc7+ Kf8 46. Qc8+ Ke7 47. Qc7+ Kf8 48. Qc8+ Kg7 49. Qc7+ 1/2-1/2

[Event "Milan Autumn op"]
[Site "Milan"]
[Date "2015.10.06"]
[Round "7"]
[White "Tassini, Marco"]
[Black "Spada, Maurizio"]
[Result "1-0"]
[WhiteElo "1813"]
[BlackElo "1611"]
[PlyCount "51"]
[EventDate "2015.09.15"]
[EventType "swiss"]
[EventRounds "8"]
[EventCountry "ITA"]
[SourceTitle "EXT 2024"]
[Source "ChessBase"]
[SourceDate "2023.10.10"]
[SourceVersion "1"]
[SourceVersionDate "2023.10.10"]
[SourceQuality "1"]

1. b3 e5 2. Bb2 f6 3. d4 Nc6 4. d5 Nb4 5. a3 Na6 6. e3 Ne7 7. c4 c5 8. Bd3 g6 9. f4 d6 10. Nf3 Bf5 11. fxe5 dxe5 12. Nc3 Bxd3 13. Qxd3 Nf5 14. 0-0 Be7 15. Ne4 Nd6 16. Ng3 0-0 17. h4 Qe8 18. e4 f5 19. Ng5 f4 20. Ne6 fxg3 21. Rxf8+ Bxf8 22. Qxg3 Nf7 23. h5 g5 24. Nxg5 Nxg5 25. Qxg5+ Kf7 26. Rf1# 1-0

[Event "Milan Autumn op"]
[Site "Milan"]
[Date "2015.09.15"]
[Round "1"]
[White "Tassini, Marco"]
[Black "Brisotto, Stefano"]
[Result "1-0"]
[WhiteElo "1813"]
[BlackElo "1465"]
[PlyCount "61"]
[EventDate "2015.09.15"]
[EventType "swiss"]
[EventRounds "8"]
[EventCountry "ITA"]
[SourceTitle "EXT 2024"]
[Source "ChessBase"]
[SourceDate "2023.10.10"]
[SourceVersion "1"]
[SourceVersionDate "2023.10.10"]
[SourceQuality "1"]

1. e4 c5 2. Nc3 Nc6 3. f4 d6 4. Nf3 g6 5. d4 cxd4 6. Nxd4 e5 7. Nf3 Bg7 8. Bc4 Nf6 9. 0-0 0-0 10. fxe5 Qb6+ 11. Kh1 dxe5 12. Qe2 Bg4 13. Nb5 a6 14. Be3 Nd4 15. Bxd4 Bxf3 16. Bxb6 Bxe2 17. Bxe2 axb5 18. Bd3 Nd7 19. Be3 b4 20. Bd2 Rfc8 21. Bxb4 Nc5 22. Bc4 Nxe4 23. Bxf7+ Kh8 24. Bd5 Nc5 25. Rf7 Rab8 26. c3 b6 27. Raf1 Nd3 28. Bd6 Rd8 29. Bxb8 Rxd5 30. Rc7 Nf2+ 31. Kg1 1-0

[Event "Vimercate op 5th"]
[Site "Vimercate"]
[Date "2011.11.26"]
[Round "3"]
[White "Villa, Giorgio"]
[Black "Tassini, Marco"]
[Result "1-0"]
[WhiteElo "1924"]
[BlackElo "1867"]
[PlyCount "43"]
[EventDate "2011.11.25"]
[EventType "swiss"]
[EventRounds "5"]
[EventCountry "ITA"]
[SourceTitle "EXT 2014"]
[Source "ChessBase"]
[SourceDate "2013.11.20"]
[SourceVersion "1"]
[SourceVersionDate "2013.11.20"]
[SourceQuality "1"]

1. d4 Nf6 2. Nf3 g6 3. c4 Bg7 4. g3 0-0 5. Bg2 c5 6. 0-0 cxd4 7. Nxd4 Qc7 8. b3 a6 9. Bb2 d6 10. Nc3 e6 11. Rc1 Bd7 12. Qd2 Rd8 13. Rfd1 Nc6 14. Nd5 exd5 15. cxd5 Be8 16. dxc6 b5 17. Bc3 Rdc8 18. Ba5 Qe7 19. c7 d5 20. Bh3 Bd7 21. Nc6 Qd6 22. Bb4 1-0

[Event "Vimercate op 5th"]
[Site "Vimercate"]
[Date "2011.11.25"]
[Round "1"]
[White "Tassini, Marco"]
[Black "Calabrese, Maurizio"]
[Result "0-1"]
[WhiteElo "1867"]
[BlackElo "1531"]
[PlyCount "46"]
[EventDate "2011.11.25"]
[EventType "swiss"]
[EventRounds "5"]
[EventCountry "ITA"]
[SourceTitle "EXT 2014"]
[Source "ChessBase"]
[SourceDate "2013.11.20"]
[SourceVersion "1"]
[SourceVersionDate "2013.11.20"]
[SourceQuality "1"]

1. e4 c5 2. d4 cxd4 3. c3 dxc3 4. Nxc3 g6 5. Bc4 Nc6 6. Nf3 Bg7 7. 0-0 e6 8. Re1 Bxc3 9. bxc3 a6 10. Bg5 Qc7 11. Qd3 Ne5 12. Nxe5 Qxe5 13. f4 Qc5+ 14. Kh1 b5 15. Bb3 a5 16. Rad1 h6 17. Bh4 g5 18. fxg5 hxg5 19. Bg3 e5 20. Bd5 Ra6 21. Bxe5 f6 22. Bd4 Qd6 23. Qxb5 Qxh2# 0-1

[Event "Lombardia-ch"]
[Site "Monza"]
[Date "2005.05.14"]
[Round "1"]
[White "Piantoni, Roberto"]
[Black "Tassini, Marco"]
[Result "1-0"]
[WhiteElo "2169"]
[BlackElo "1691"]
[PlyCount "45"]
[EventDate "2005.05.14"]
[EventType "swiss"]
[EventRounds "6"]
[EventCountry "ITA"]
[SourceTitle "EXT 2007"]
[Source "ChessBase"]
[SourceDate "2006.11.23"]
[SourceVersion "1"]
[SourceVersionDate "2006.11.23"]
[SourceQuality "1"]

1. Nf3 Nf6 2. d4 e6 3. g3 c5 4. Bg2 cxd4 5. Nxd4 Be7 6. 0-0 0-0 7. c4 Nc6 8. Nc3 a6 9. h3 Qb6 10. Be3 Qb4 11. Na4 Bd8 12. Nxc6 bxc6 13. Bc5 Qxc4 14. Rc1 Qxa2 15. Bxf8 Kxf8 16. Bxc6 Rb8 17. Qd6+ Ke8 18. Qxb8 dxc6 19. Qxc8 Qxa4 20. Rfd1 Nd5 21. b3 Qa5 22. Rxc6 Qb4 23. Rxa6 1-0